In Darfur : an account of the sultanate and its people /

محفوظ في:

المؤلف الرئيسي: Tūnisī, Muḥammad ibn ʻUmar (مؤلف)

مؤلفون آخرون: Davies, Humphrey T. (المترجم, المحرر), O'Fahey, R. S. (writer of foreword.), Tūnisī, Muḥammad ibn ʻUmar.

التنسيق: كتاب

اللغة: English
Arabic

منشور في: New York : New York University Press, [2018]-

سلاسل: Library of Arabic literature

الموضوعات:

الوسوم: إضافة وسم

لا توجد وسوم, كن أول من يضع وسما على هذه التسجيلة!

رقم الطلب: DT159.6 .D27 T86 v.1-2

LEADER 02097nam a22004697a 4500
003 OSt
005 20260504104143.0
008 260504t2018 nyuab b 001 0 eng
010 |a  2017045322 
020 |a 9781479876389  |q v . 1 ; hardback 
020 |a 9781479867844  |q v. 2 ; hardback 
020 |z 9781479846634 (v. 1 ; ebook) 
035 |a 20022520 
040 |a DLC  |b eng  |c DLC  |e rda  |d DLC 
041 1 |a eng  |a ara  |h ara 
042 |a pcc 
043 |a f-sj--- 
050 1 4 |a DT159.6 .D27  |b T86 v.1-2 
082 0 0 |a 962.7/023  |2 23 
100 1 |a Tūnisī, Muḥammad ibn ʻUmar,  |e author. 
245 1 0 |a In Darfur :  |b an account of the sultanate and its people /  |c Muḥammad ibn 'Umar al-Tūnisī ; edited and translated by Humphrey Davies ; foreword by R. S. O'Fahey. 
264 1 |a New York :  |b New York University Press,  |c [2018]- 
300 |a volumes <1-2> :  |b illustrations, maps ;  |c 24 cm. 
336 |a text  |b txt  |2 rdacontent 
337 |a unmediated  |b n  |2 rdamedia 
338 |a volume  |b nc  |2 rdacarrier 
490 1 |a Library of Arabic literature 
504 |a Includes bibliographical references and index. 
546 |a In English and Arabic. 
651 0 |a Darfur (Sudan)  |x History  |y 18th century. 
651 0 |a Darfur (Sudan)  |x History  |y 19th century. 
651 0 |a Darfur (Sudan)  |x Description and travel. 
700 1 |a Davies, Humphrey T.  |q (Humphrey Taman),  |e translator,  |e editor. 
700 1 |a O'Fahey, R. S.  |q (Rex S.),  |e writer of foreword. 
700 1 2 |a Tūnisī, Muḥammad ibn ʻUmar.  |t Tashḥīdh al-adhhān bi-sīrat bilād al-ʻArab wa-al-Sūdān. 
700 1 2 |a Tūnisī, Muḥammad ibn ʻUmar.  |t Tashḥīdh al-adhhān bi-sīrat bilād al-ʻArab wa-al-Sūdān.  |l English. 
776 0 8 |i Online version:  |a Tūnisī, Muḥammad ibn ʻUmar, author.  |t In Darfur  |d New York : New York University Press, [2018]-  |z 9781479811038  |w (DLC) 2017045917 
830 0 |a Library of Arabic literature 
906 |a 7  |b cbc  |c orignew  |d 1  |e ecip  |f 20  |g y-gencatlg 
942 |2 lcc  |c BK 
955 |b ce08 2017-09-22  |i ce08 2017-09-22 to Dewey  |a xn11 2018-07-05 v. 1 rec'd., to CIP ver. 
999 |c 62230  |d 62230